Diccionario de voces del norte de Chile

Αποθηκεύτηκε σε:
Λεπτομέρειες βιβλιογραφικής εγγραφής
Κύριος συγγραφέας: Bahamonde Silva, Mario (Συγγραφέας)
Μορφή: Βιβλίο
Γλώσσα:Ισπανικά
Έκδοση: Antofagasta Universitarias 1998
Έκδοση:2a. ed
Θέματα:
Ετικέτες: Προσθήκη ετικέτας
Δεν υπάρχουν, Καταχωρήστε ετικέτα πρώτοι!

MARC

LEADER 00000nam a2200000 a 4500
001 UCN0959
003 CL-VaPUC
008 010406e19980000CL |||||||||||||||||spa|d
082 0 4 |a 467.983  |b BAH  |2 21 
100 0 |a Bahamonde Silva, Mario  |e author  |9 456337 
245 1 0 |a Diccionario de voces del norte de Chile 
250 |a 2a. ed 
300 |a 260 p 
942 |c BK 
945 |d 20010406 00:00:00  |a vberengu 
260 |a Antofagasta  |b Universitarias  |c 1998 
650 0 |a Español  |9 255372 
650 7 |a DIALECTOS  |2 CL-VaPUC  |9 348323 
650 0 |a Lenguajes varios  |9 416261 
650 0 |a Diccionarios  |9 256200 
650 0 |a Geografía  |9 259346 
650 7 |a TOPONOMIA  |2 CL-VaPUC  |9 421706 
650 0 |a Etimología  |9 337976 
650 0 |a Historia de Chile  |9 265473 
650 0 |a Arqueología   |9 265619 
650 0 |a Botánica  |9 264202 
650 0 |a Zoología  |9 261613 
650 7 |a FOLKLORE  |2 CL-VaPUC  |9 268291 
650 0 |a Minería  |9 326008 
650 7 |a TIPOLOGIA SOCIAL  |2 CL-VaPUC  |9 421707 
650 7 |a LEYENDAS  |2 CL-VaPUC  |9 265258 
583 |a last modification  |c 20190725 09:31:51  |k Rodrigo Vera 
999 |c 294570  |d 294568 
952 |0 0  |1 0  |4 0  |6 467_983000000000000_BAH_1998  |7 0  |8 X  |9 347070  |a FDOMLP  |b FDOMLP  |d 2019-11-20  |i 371148K  |o 467.983 BAH 1998  |p 371148K  |r 2019-11-20  |w 2019-11-20  |y BK_X  |k BU2